01273nam a2200325Ia 4500001001200000003000800012006001900020007001500039008004100054010001700095020001800112020001800130020001500148020002200163040002100185035002100206050002200227082001600249100002600265245013400291260004900425300002500474504006600499533015200565650003100717650002700748655002900775710001700804856012600821ebr10668451CaPaEBRm u cr cn|||||||||020624s2002 enka sb 001 0 eng d z 2002283666 z9780761968627 z9781446205396 z076196861X z0761968628 (PBK.) aCaPaEBRcCaPaEBR a(OCoLC)60664451214aH62b.K622 2002eb04a300.7/22211 aKnight, Peter,d1950-10aSmall-scale researchh[electronic resource] :bpragmatic inquiry in social science and the caring professions /cPeter T. Knight. aLondon ;aThousand Oaks, CA :bSAGE,c2002. axiii, 223 p. :bill. aIncludes bibliographical references (p. [213]-219) and index. aElectronic reproduction.bPalo Alto, Calif. :cebrary,d2013.nAvailable via World Wide Web.nAccess may be limited to ebrary affiliated libraries. 0aSocial sciencesxResearch. 0aResearchxMethodology. 7aElectronic books.2local2 aebrary, Inc.40uhttp://site.ebrary.com/lib/rucke/Doc?id=10668451zAn electronic book accessible through the World Wide Web; click to view